Cylindrical Logic Puzzle Quiz Stats

 Plays Quiz Updated Sep 30, 2013

     
Support Sporcle.
Go Orange.
Score 0/16 Timer 20:00
19 Plays Today
Po. Letter % Correct
A1???
100%
D4???
76.7%
A4???
47.3%
D2???
43.2%
B1???
41.2%
D3???
40.5%
C2???
40%
D1???
33.5%
Po. Letter % Correct
A2???
30.9%
C4???
30.8%
C3???
30.4%
A3???
29.5%
C1???
26%
B3???
23.8%
B2???
23.2%
B4???
22.4%

From the Vault

Born in South Carolina

by citkeane

We're heading south this winter.
Remove Ads.
Support Sporcle.
Get the best of Sporcle when you Go Orange. This ad-free experience offers more features, more stats, and more fun while also helping to support Sporcle. Thank you for becoming a member.

Show Comments

Extras

Top Quizzes Today


Score Distribution

Your Account Isn't Verified!

In order to create a playlist on Sporcle, you need to verify the email address you used during registration. Go to your Sporcle Settings to finish the process.

Report this User

Report this user for behavior that violates our Community Guidelines.

Details: